000 01891nam a22003617a 4500
001 100346
003 KnowledgeUnlatched
005 20210303105403.0
006 m o d
007 cr u||||||||||
008 210129p20102017xxu o u00| u eng d
035 _a(OCoLC)664565692
037 _5BiblioBoard
245 0 0 _aIndians and Mestizos in the "Lettered City"
_bReshaping Justice, Social Hierarchy, and Political Culture in Colonial Peru /
_cAlcira Dueñas.
020 _a9781607320197
029 1 _ahttps://library.biblioboard.com/ext/api/media/014585de-7980-4e6a-a7a0-5ed2b958045e/assets/thumbnail.jpg
040 _aScCtBLL
_cScCtBLL
100 1 _aDueñas, Alcira
_eauthor.
264 1 _bUniversity Press of Colorado,
300 _a1 online resource (281 p.)
506 0 _aAccess copy available to the general public.
_fUnrestricted
_2star
520 _a"This book brings to light these indigenous intellectuals' dynamic efforts to shape their own social and political status in the Spanish Empire. For the historian of colonial Spanish America or Peru, it provides an enticing overview of a transatlantic political discourse and suggests interesting avenues for future research." Emily Berquist, Hispanic American Historical Review
588 0 _aDescription based on print version record.
590 _aKU Select 2016 Backlist Collection
650 7 _aHistory / Latin America / South America
_2bisacsh
650 0 _aHistory
655 0 _aElectronic books.
758 _iIs found in:
_aKnowledge Unlatched
_1https://openresearchlibrary.org/module/2774bc74-146a-484f-a7ba-ab1d6a09bbfb
856 4 0 _uhttps://openresearchlibrary.org/content/014585de-7980-4e6a-a7a0-5ed2b958045e
_zView this content on Open Research Library.
_70
999 _c25283
_d25283